[Event "87th ch-Paris IdF open FIDE"]
[Site "Paris"]
[Date "2012.07.09"]
[Round "3.1"]
[White "Fedorchuk, Sergey A"]
[Black "Shirazi, Kamran"]
[Result "1-0"]
[WhiteElo "2630"]
[BlackElo "2417"]
[PlyCount "101"]
[EventDate "2012.07.07"]

1. e4 d6 2. d4 g6 3. Nc3 Bg7 4. Be3 c6 5. Qd2 Nf6 6. h3 Nbd7 7. Nf3 O-O 8. Bd3
e5 9. O-O Re8 10. Rfe1 a6 11. a4 b6 12. Bh6 Bb7 13. Rad1 b5 14. axb5 axb5 15.
Ne2 d5 16. Bxg7 Kxg7 17. Ng3 dxe4 18. Nxe4 Nxe4 19. Bxe4 Qf6 20. Qc3 exd4 21.
Nxd4 c5 22. Bxb7 cxd4 23. Qc6 Rxe1+ 24. Rxe1 Rd8 25. Qxb5 Qd6 26. Qd5 Nc5 27.
Qxd6 Rxd6 28. Bf3 Kf6 29. Ra1 Rb6 30. Ra5 Ne6 31. Ra2 Rb5 32. Kf1 Nf4 33. Be2
Rc5 34. b4 Rc7 35. b5 Nd5 36. Bf3 d3 37. Ra6+ Kg7 38. cxd3 Rc1+ 39. Ke2 Rc2+
40. Kd1 Nb4 41. Ra3 Rb2 42. b6 Nxd3 43. Rxd3 Rxb6 44. Rd7 Rb1+ 45. Ke2 Rb2+ 46.
Ke3 Rb3+ 47. Rd3 Rb4 48. Bd5 Rb5 49. Rd2 Rc5 50. Kd4 Ra5 51. Ra2 1-0

[Event "87th ch-Paris IdF open FIDE"]
[Site "Paris"]
[Date "2012.07.09"]
[Round "3.2"]
[White "Roser, Kevin"]
[Black "Guliyev, Namig"]
[Result "1-0"]
[WhiteElo "2423"]
[BlackElo "2539"]
[PlyCount "105"]
[EventDate "2012.07.07"]

1. e4 c5 2. Nf3 d6 3. d4 cxd4 4. Nxd4 Nf6 5. Nc3 a6 6. Be2 e5 7. Nb3 Be7 8. Be3
Be6 9. Nd5 Nbd7 10. Qd3 Bxd5 11. exd5 O-O 12. g4 Nc5 13. Nxc5 dxc5 14. O-O-O
Bd6 15. g5 e4 16. Qd2 Nd7 17. h4 Be5 18. d6 Rc8 19. Qd5 Rc6 20. Qxe4 Re8 21.
Qg4 Bxd6 22. h5 Ne5 23. Qh3 Qa5 24. Kb1 Rb6 25. Bc1 c4 26. f4 Nd3 27. Bxd3 cxd3
28. Qxd3 Bf8 29. h6 g6 30. b3 Qb5 31. Qxb5 Rxb5 32. Rhe1 Rxe1 33. Rxe1 f6 34.
Re8 Kf7 35. Rb8 fxg5 36. fxg5 Be7 37. a4 Rf5 38. Rxb7 Rf1 39. Kb2 Ke6 40. Rb6+
Bd6 41. Rxa6 Kd7 42. Ra7+ Ke6 43. Bd2 Be5+ 44. Bc3 Bf4 45. Bf6 Bc1+ 46. Kc3
Rf3+ 47. Kb4 Bd2+ 48. c3 Rf4+ 49. Kb5 Rf5+ 50. Kc4 Bxg5 51. Bxg5 Rxg5 52. Rxh7
Rh5 53. b4 1-0

[Event "87th ch-Paris IdF open FIDE"]
[Site "Paris"]
[Date "2012.07.09"]
[Round "3.3"]
[White "Song, Julien"]
[Black "Zhou, Yang-Fan"]
[Result "0-1"]
[WhiteElo "2398"]
[BlackElo "2427"]
[PlyCount "130"]
[EventDate "2012.07.07"]

1. d4 Nf6 2. c4 g6 3. Nc3 Bg7 4. g3 O-O 5. Bg2 d6 6. Nf3 Nbd7 7. O-O e5 8. h3
exd4 9. Nxd4 Nb6 10. b3 d5 11. Ba3 Re8 12. Qc2 c6 13. Rad1 Bd7 14. cxd5 Nfxd5
15. Ne4 Rxe4 16. Qxe4 Nc3 17. Qc2 Nxd1 18. Rxd1 Qe8 19. e4 Rd8 20. Ne2 Bc8 21.
f4 Be6 22. Kh2 Rxd1 23. Qxd1 Qd7 24. Qc2 h6 25. Bc5 Nc8 26. Nc3 b6 27. Bg1 c5
28. e5 Ne7 29. Qe4 Qd2 30. Qa8+ Kh7 31. Qf3 Nf5 32. Bf2 Qc2 33. g4 Nd4 34. Qe3
b5 35. Bg3 b4 36. Ne4 Bd5 37. Kh1 Qb1+ 38. Kh2 Qxa2 39. f5 Qxb3 40. Qf4 Bxe4
41. Bxe4 Ne2 42. fxg6+ fxg6 43. Bxg6+ Kg8 44. Qf2 Qxg3+ 45. Qxg3 Nxg3 46. Kxg3
Bxe5+ 47. Kf3 Kg7 48. Bd3 Kf6 49. h4 Ke6 50. Bc4+ Kd6 51. g5 h5 52. Ke4 a5 53.
Kd3 Bg3 54. g6 Be5 55. Bb3 Ke7 56. Kc4 Bd4 57. Kb5 Kf6 58. Bc2 Bf2 59. Kxa5
Bxh4 60. Kb5 Bf2 61. Kc4 h4 62. Be4 Bd4 63. Kb3 h3 64. Kc4 h2 65. Bd5 Kxg6 0-1

[Event "87th ch-Paris IdF open FIDE"]
[Site "Paris"]
[Date "2012.07.09"]
[Round "3.4"]
[White "Le Roux, Jean-Pierre"]
[Black "Kirk, Ezra"]
[Result "1-0"]
[WhiteElo "2559"]
[BlackElo "2216"]
[PlyCount "91"]
[EventDate "2012.07.07"]

1. d4 Nf6 2. Nf3 g6 3. c4 Bg7 4. g3 O-O 5. Bg2 d6 6. O-O Nc6 7. Nc3 Bf5 8. b3
Ne4 9. Nd5 Nf6 10. Bb2 Re8 11. Ne3 Be4 12. d5 Nb8 13. Qd2 c5 14. Rfe1 Nbd7 15.
Bf1 Bxf3 16. exf3 a6 17. Kg2 Rb8 18. a4 Qb6 19. a5 Qc7 20. Bc3 Nh5 21. Bxg7
Nxg7 22. Bd3 Nf6 23. Qc3 e5 24. dxe6 Rxe6 25. Be4 Ngh5 26. Bd5 Ree8 27. f4 b6
28. Bf3 bxa5 29. Kg1 Qd8 30. Bxh5 Nxh5 31. Nd5 Qd7 32. Rxa5 Rxe1+ 33. Qxe1 Rxb3
34. Rxa6 Qe6 35. Qxe6 fxe6 36. Nc7 Rb1+ 37. Kg2 Rd1 38. Nxe6 Nf6 39. Kf3 Rd3+
40. Ke2 Rc3 41. Rxd6 Ne4 42. Rd7 Rxc4 43. f3 Nf6 44. Rg7+ Kh8 45. Rf7 Ng8 46.
Kd3 1-0

[Event "87th ch-Paris IdF open FIDE"]
[Site "Paris"]
[Date "2012.07.09"]
[Round "3.5"]
[White "Bissieres, Matthieu"]
[Black "Chabanon, Jean-Luc"]
[Result "1-0"]
[WhiteElo "2346"]
[BlackElo "2481"]
[PlyCount "85"]
[EventDate "2012.07.07"]

1. e4 d6 2. d4 Nf6 3. Nc3 g6 4. Be3 c6 5. f3 b5 6. Qd2 Nbd7 7. g4 Nb6 8. b3 Qc7
9. Bd3 e5 10. Nge2 h5 11. g5 Nh7 12. a3 Be7 13. f4 exf4 14. Bxf4 O-O 15. h4 Bg4
16. Ng3 Qd7 17. e5 d5 18. Nd1 c5 19. Ne3 cxd4 20. Nxg4 Qxg4 21. Bxb5 Rac8 22.
Be2 Qe6 23. Bd3 Bd6 24. O-O Bxe5 25. Rae1 Bxf4 26. Qxf4 Qg4 27. Qxg4 hxg4 28.
Re7 a5 29. Rb7 Rb8 30. Rfxf7 Rxb7 31. Rxb7 Rf3 32. Ne2 Na8 33. Nxd4 Rf7 34. Rb5
Nc7 35. Rxa5 Nf8 36. Rc5 Kg7 37. Rc6 Re7 38. Kf2 Ne8 39. a4 Nd7 40. Bxg6 Ne5
41. Nf5+ Kf8 42. Nxe7 Kxe7 43. Bxe8 1-0

[Event "87th ch-Paris IdF open FIDE"]
[Site "Paris"]
[Date "2012.07.09"]
[Round "3.6"]
[White "Larsen, Karsten"]
[Black "Demuth, Adrien"]
[Result "1/2-1/2"]
[WhiteElo "2331"]
[BlackElo "2460"]
[PlyCount "40"]
[EventDate "2012.07.07"]

1. Nf3 Nf6 2. g3 g6 3. Bg2 Bg7 4. O-O O-O 5. d4 d6 6. Re1 c5 7. c3 cxd4 8. cxd4
Ne4 9. Nbd2 Nxd2 10. Bxd2 d5 11. Ne5 Nd7 12. Nxd7 Qxd7 13. Bb4 b6 14. e4 Re8
15. e5 e6 16. Bf1 Bb7 17. Rc1 Rec8 18. Qd2 Rxc1 19. Rxc1 Rc8 20. b3 Bf8 1/2-1/2

[Event "87th ch-Paris IdF open FIDE"]
[Site "Paris"]
[Date "2012.07.09"]
[Round "3.7"]
[White "D'Costa, Lorin AR"]
[Black "Borisov, Yuri"]
[Result "1-0"]
[WhiteElo "2434"]
[BlackElo "2277"]
[PlyCount "89"]
[EventDate "2012.07.07"]

1. Nf3 e6 2. c4 f5 3. g3 Nf6 4. Bg2 d5 5. O-O Bd6 6. Nc3 c6 7. d3 O-O 8. e4
dxe4 9. dxe4 e5 10. Qc2 fxe4 11. Ng5 Qe7 12. Ncxe4 Nxe4 13. Nxe4 Nd7 14. Bg5
Nf6 15. Nxd6 Qxd6 16. Rad1 Qc5 17. Be3 Qe7 18. h3 Be6 19. b3 Qf7 20. Qe2 Qh5
21. Qxh5 Nxh5 22. Bc5 Rfe8 23. Rfe1 Nf6 24. Rxe5 Nd7 25. Rxe6 Nxc5 26. Rxe8+
Rxe8 27. b4 Na6 28. b5 Nb8 29. bxc6 bxc6 30. f4 Kf7 31. Kf2 Re7 32. Rb1 Na6 33.
Bxc6 Nc5 34. Kf3 Kf6 35. Bd5 Nd3 36. Rb3 Ne1+ 37. Kf2 Nc2 38. Rb2 Ne3 39. Kf3
Nd1 40. Rb3 h6 41. Rd3 Re1 42. c5 Nb2 43. Ra3 Rd1 44. Ra6+ Ke7 45. Rxa7+ 1-0

[Event "87th ch-Paris IdF open FIDE"]
[Site "Paris"]
[Date "2012.07.09"]
[Round "3.8"]
[White "Moussard, Jules"]
[Black "Kilpatrick, Callum"]
[Result "1-0"]
[WhiteElo "2412"]
[BlackElo "2321"]
[PlyCount "87"]
[EventDate "2012.07.07"]

1. a3 Nf6 2. Nf3 g6 3. c4 Bg7 4. Nc3 d5 5. e3 O-O 6. cxd5 Nxd5 7. Qb3 Nb6 8.
Be2 e5 9. d3 a5 10. O-O Nc6 11. Qc2 a4 12. Ne4 Qe7 13. Bd2 Re8 14. Nc5 g5 15.
Rfd1 g4 16. Ne1 h5 17. Rac1 f5 18. d4 exd4 19. Bb5 Rd8 20. Nxb7 Bxb7 21. Bxc6
d3 22. Qb1 Bxc6 23. Rxc6 Qd7 24. Rc5 Rab8 25. Bb4 Qf7 26. Rxd3 Nd5 27. Qd1 c6
28. Rxc6 Kh7 29. Rd6 Rxd6 30. Bxd6 Rb5 31. Nc2 Rxb2 32. Bb4 Nxb4 33. Nxb4 Qc4
34. h3 Rb3 35. Kh2 Be5+ 36. g3 Bg7 37. Rd7 Rb2 38. Nd3 Ra2 39. Qb1 Qb3 40. Qc1
Rc2 41. Qh1 Rd2 42. Qa1 Qg8 43. Qf6 Kh8 44. Qxf5 1-0

[Event "87th ch-Paris IdF open FIDE"]
[Site "Paris"]
[Date "2012.07.09"]
[Round "3.9"]
[White "Griffiths, Ryan Rhys"]
[Black "Sochacki, Christophe"]
[Result "1-0"]
[WhiteElo "2326"]
[BlackElo "2406"]
[PlyCount "71"]
[EventDate "2012.07.07"]

1. d4 Nf6 2. c4 c5 3. d5 b5 4. Qc2 Na6 5. a3 Qa5+ 6. Bd2 Nb4 7. Qc1 bxc4 8. Nc3
Na6 9. e4 d6 10. Bxc4 g6 11. b4 Qb6 12. b5 Nc7 13. a4 Qb7 14. a5 e6 15. Bg5 Bg7
16. Nge2 exd5 17. exd5 O-O 18. Qd2 a6 19. b6 Nb5 20. O-O Bd7 21. Bf4 Rfe8 22.
Rfb1 Nxc3 23. Nxc3 Ne4 24. Nxe4 Rxe4 25. Bd3 Rd4 26. Be3 Rxd3 27. Qxd3 Bf5 28.
Qd2 Be4 29. f3 Bxb1 30. Rxb1 Re8 31. Bf2 Re5 32. Rd1 c4 33. Qb4 Rxd5 34. Rxd5
Qxd5 35. b7 Qd1+ 36. Qe1 1-0

[Event "87th ch-Paris IdF open FIDE"]
[Site "Paris"]
[Date "2012.07.09"]
[Round "3.10"]
[White "Strikovic, Aleksa"]
[Black "Le Quang, Kim"]
[Result "1-0"]
[WhiteElo "2559"]
[BlackElo "2282"]
[PlyCount "49"]
[EventDate "2012.07.07"]

1. e4 c5 2. Nf3 e6 3. d3 Nc6 4. g3 g6 5. Bg2 Bg7 6. O-O Nge7 7. c3 e5 8. a3 a5
9. a4 O-O 10. Na3 d6 11. Be3 h6 12. Nd2 Be6 13. f4 exf4 14. gxf4 f5 15. Ndc4
Rb8 16. Qe2 Re8 17. Rae1 Bf7 18. Qf2 Bf6 19. Qg3 fxe4 20. dxe4 d5 21. Ne5 d4
22. Nxf7 Kxf7 23. Bf2 dxc3 24. bxc3 b6 25. Rd1 1-0

[Event "87th ch-Paris IdF open FIDE"]
[Site "Paris"]
[Date "2012.07.09"]
[Round "3.12"]
[White "Dourerassou, Jonathan"]
[Black "Petermann, Michail"]
[Result "1-0"]
[WhiteElo "2460"]
[BlackElo "2259"]
[PlyCount "67"]
[EventDate "2012.07.07"]

1. e4 e5 2. Nf3 Nc6 3. Bb5 a6 4. Ba4 Nf6 5. O-O Nxe4 6. d4 b5 7. Bb3 d5 8. dxe5
Be6 9. c3 Bc5 10. Nbd2 O-O 11. Qe2 Bf5 12. e6 fxe6 13. Nxe4 Bxe4 14. Ng5 Na5
15. Nxe6 Nxb3 16. Nxd8 Nxc1 17. Raxc1 Raxd8 18. Kh1 Rde8 19. Qd2 c6 20. f3 Bf5
21. Rce1 Rd8 22. Re5 Rf6 23. Rfe1 Kf7 24. Qe2 Kg6 25. g4 Bd7 26. h4 h6 27. Qd3+
Kf7 28. Kg2 Bd6 29. g5 Bxe5 30. Rxe5 Rd6 31. Qd4 hxg5 32. hxg5 Bc8 33. Qf4+ Kg8
34. Re7 1-0

[Event "87th ch-Paris IdF open FIDE"]
[Site "Paris"]
[Date "2012.07.09"]
[Round "3.13"]
[White "AlHuwar, Jasem"]
[Black "Wirig, Anthony"]
[Result "0-1"]
[WhiteElo "2285"]
[BlackElo "2452"]
[PlyCount "192"]
[EventDate "2012.07.07"]

1. Nf3 d5 2. d4 Nf6 3. c4 c6 4. Nc3 a6 5. c5 g6 6. Bg5 Bg7 7. e3 O-O 8. Be2 Bg4
9. Qb3 Qc8 10. h3 Bxf3 11. gxf3 Nbd7 12. f4 Rb8 13. Na4 Qd8 14. Qa3 Re8 15. f3
Nh5 16. Bh4 Bf6 17. Bf2 e6 18. h4 b5 19. cxb6 Be7 20. Nc5 Nxc5 21. dxc5 Rxb6
22. b4 Rb8 23. Kf1 Bf6 24. Rd1 Ra8 25. Be1 Qc7 26. Qc1 a5 27. bxa5 Rxa5 28.
Bxa5 Qxa5 29. Kg2 Qxa2 30. Qd2 Qa3 31. Qd3 Qxc5 32. Rc1 Qb6 33. Rb1 Qa7 34.
Rhc1 d4 35. Rxc6 dxe3 36. Rb4 Qe7 37. Re4 Ng7 38. Qxe3 Nf5 39. Qc5 Qd8 40. Qc1
Nxh4+ 41. Kh3 Nf5 42. Rec4 Bd4 43. Qe1 Qf6 44. Bd3 Ne3 45. Rc8 Rxc8 46. Rxc8+
Kg7 47. Qh4 Nd5 48. Qxf6+ Kxf6 49. Kg3 Bc3 50. f5 Be1+ 51. Kh2 gxf5 52. Rh8 Kg7
53. Rd8 Nf4 54. Bc2 h5 55. Rd4 Bg3+ 56. Kh1 Kf6 57. Ra4 h4 58. Ra8 Nd5 59. Bb3
Nf4 60. Bc2 Ng6 61. Kg2 Be5 62. Bb1 Nf4+ 63. Kh1 Bd4 64. Rh8 Bf2 65. Rg8 Ke5
66. Rg7 Kf6 67. Rg8 Be1 68. Kh2 Bg3+ 69. Kh1 Ke5 70. Rg7 f6 71. Bc2 Nh3 72. Kg2
Ng5 73. Ra7 Be1 74. Ra1 h3+ 75. Kh2 Kf4 76. Bd1 Bg3+ 77. Kh1 e5 78. Ra6 Nxf3
79. Rxf6 Ne1 80. Rh6 h2 81. Be2 Ke3 82. Bf1 f4 83. Ra6 e4 84. Ra3+ Nd3 85. Kg2
Kd2 86. Ra2+ Kc3 87. Ra3+ Kc2 88. Ra2+ Kb3 89. Bxd3 exd3 90. Ra6 f3+ 91. Kh1 f2
92. Rb6+ Kc2 93. Rc6+ Kd1 94. Rf6 d2 95. Kg2 Ke2 96. Re6+ Kd3 0-1

[Event "87th ch-Paris IdF open FIDE"]
[Site "Paris"]
[Date "2012.07.09"]
[Round "3.14"]
[White "Bernard, Christophe (*52)"]
[Black "Ducarmon, Quinten"]
[Result "0-1"]
[WhiteElo "2290"]
[BlackElo "2382"]
[PlyCount "62"]
[EventDate "2012.07.07"]

1. d4 Nf6 2. Nf3 e6 3. c4 c5 4. e3 a6 5. Nc3 d5 6. a3 dxc4 7. Bxc4 b5 8. Ba2
Bb7 9. O-O Nbd7 10. Qe2 Qb8 11. dxc5 Bxc5 12. b4 Bd6 13. h3 O-O 14. Bb2 Rc8 15.
Rfd1 Nb6 16. e4 Nfd7 17. Qd3 Be7 18. Qe3 Bf6 19. Ng5 Bc6 20. f4 Nc4 21. Bxc4
bxc4 22. Rab1 Qb6 23. Qxb6 Nxb6 24. e5 Be7 25. Nge4 Bxe4 26. Nxe4 Nd5 27. Bc1
c3 28. Rd4 f5 29. Ng5 c2 30. Rb3 Bxg5 31. fxg5 Nc3 0-1

[Event "87th ch-Paris IdF open FIDE"]
[Site "Paris"]
[Date "2012.07.09"]
[Round "3.15"]
[White "Pile, Richard"]
[Black "Daurelle, Herve"]
[Result "1-0"]
[WhiteElo "2362"]
[BlackElo "2241"]
[PlyCount "83"]
[EventDate "2012.07.07"]

1. d4 Nf6 2. Bg5 e6 3. e3 h6 4. Bh4 d6 5. Nd2 Nc6 6. c4 Bd7 7. a3 a5 8. Bd3 Be7
9. f3 d5 10. Ne2 dxc4 11. Nxc4 b5 12. Nd2 Rb8 13. Ne4 Nxe4 14. Bxe7 Nxe7 15.
Bxe4 O-O 16. Qd2 c6 17. b4 f5 18. Bc2 a4 19. Nf4 Nd5 20. Nd3 f4 21. Nxf4 Nxf4
22. exf4 Qf6 23. g3 g5 24. O-O-O gxf4 25. Rhg1 Kh8 26. g4 Qg5 27. Qc3 Rf7 28.
h4 Qd5 29. g5 Rg7 30. gxh6 Rg3 31. Be4 Qxe4 32. Rxg3 Qd5 33. Rg7 Rg8 34. Rdg1
Rxg7 35. hxg7+ Kg8 36. Qc5 Qxc5+ 37. bxc5 Be8 38. Rg5 Bf7 39. h5 Kh7 40. h6 Bg8
41. Rh5 Kg6 42. Rh4 1-0

[Event "87th ch-Paris IdF open FIDE"]
[Site "Paris"]
[Date "2012.07.10"]
[Round "4.1"]
[White "Zhou, Yang-Fan"]
[Black "Fedorchuk, Sergey A"]
[Result "0-1"]
[WhiteElo "2427"]
[BlackElo "2630"]
[PlyCount "62"]
[EventDate "2012.07.07"]

1. e4 c5 2. Nf3 e6 3. d4 cxd4 4. Nxd4 a6 5. Nc3 Qc7 6. Qf3 d6 7. Be3 Nc6 8.
O-O-O Nf6 9. Qg3 Bd7 10. f4 b5 11. a3 b4 12. axb4 Nxb4 13. Be2 Rc8 14. e5 dxe5
15. fxe5 Nfd5 16. Nxd5 Nxd5 17. Rhf1 Nxe3 18. Qxe3 Bc5 19. Qe4 O-O 20. Bd3 g6
21. h4 Rb8 22. h5 Rb4 23. hxg6 Bxd4 24. gxf7+ Rxf7 25. Qg4+ Kh8 26. Qxd4 Rxd4
27. Rxf7 Qxe5 28. Rh1 Rxd3 29. cxd3 Bb5 30. Rhxh7+ Kg8 31. Rc7 Qe3+ 0-1

[Event "87th ch-Paris IdF open FIDE"]
[Site "Paris"]
[Date "2012.07.10"]
[Round "4.2"]
[White "D'Costa, Lorin AR"]
[Black "Roser, Kevin"]
[Result "1/2-1/2"]
[WhiteElo "2434"]
[BlackElo "2423"]
[PlyCount "58"]
[EventDate "2012.07.07"]

1. d4 Nf6 2. c4 e6 3. Nf3 b6 4. g3 Ba6 5. Qa4 Bb7 6. Bg2 c5 7. dxc5 bxc5 8. O-O
Be7 9. Nc3 O-O 10. Rd1 Qb6 11. Bf4 d6 12. Rd2 h6 13. Qb5 Qc7 14. Rad1 a6 15.
Qb3 e5 16. Be3 Nc6 17. Nh4 Rfb8 18. Qc2 Nd4 19. Qc1 Bxg2 20. Nxg2 Qb7 21. b3
Bd8 22. Rb2 Ba5 23. Na4 Bb4 24. Bxd4 cxd4 25. Rc2 Bc5 26. Ne1 e4 27. Rcd2 Qd7
28. Ng2 g5 29. Rxd4 Bxd4 1/2-1/2

[Event "87th ch-Paris IdF open FIDE"]
[Site "Paris"]
[Date "2012.07.10"]
[Round "4.3"]
[White "Griffiths, Ryan Rhys"]
[Black "Le Roux, Jean-Pierre"]
[Result "1/2-1/2"]
[WhiteElo "2326"]
[BlackElo "2559"]
[PlyCount "96"]
[EventDate "2012.07.07"]

1. d4 Nf6 2. c4 g6 3. Nc3 d5 4. Nf3 Bg7 5. Qb3 dxc4 6. Qxc4 O-O 7. e4 Na6 8.
Be2 c5 9. d5 e6 10. O-O exd5 11. exd5 Bf5 12. Rd1 Qb6 13. h3 Rad8 14. Be3 Rfe8
15. Rd2 Ne4 16. Nxe4 Rxe4 17. Qb5 Rb4 18. Qxb6 axb6 19. Bg5 Rd7 20. Rad1 h6 21.
Be3 Nc7 22. a4 Be4 23. a5 Nxd5 24. axb6 Nxe3 25. fxe3 Rxd2 26. Nxd2 Bd5 27. b3
Be6 28. Bc4 Rxb6 29. Bxe6 Rxe6 30. Kf2 f5 31. Rc1 Bf8 32. g4 fxg4 33. hxg4 Be7
34. Kf3 h5 35. gxh5 gxh5 36. Ne4 b6 37. Ng3 Re5 38. Kf4 Bd6 39. Nf5 Bc7 40. b4
Kf7 41. e4 c4 42. Kf3 b5 43. Rh1 Kg6 44. Rg1+ Kf6 45. Rh1 Re8 46. Rxh5 Be5 47.
Rh6+ Kg5 48. Rb6 Rb8 1/2-1/2

[Event "87th ch-Paris IdF open FIDE"]
[Site "Paris"]
[Date "2012.07.10"]
[Round "4.4"]
[White "Moussard, Jules"]
[Black "Bissieres, Matthieu"]
[Result "1/2-1/2"]
[WhiteElo "2412"]
[BlackElo "2346"]
[PlyCount "84"]
[EventDate "2012.07.07"]

1. c4 g6 2. g3 Bg7 3. Bg2 Nf6 4. Nc3 O-O 5. Nf3 c6 6. d4 d5 7. Ne5 c5 8. dxc5
d4 9. Nb5 a6 10. Nxd4 Qa5+ 11. Bd2 Qxc5 12. Nef3 Ne4 13. Be3 Qb4+ 14. Nd2 Nxd2
15. Qxd2 Qxd2+ 16. Kxd2 Rd8 17. Kc3 Nc6 18. Rad1 Be6 19. b3 Rac8 20. Bxc6 Rxc6
21. Kc2 Bxd4 22. Rxd4 Rcd6 23. Kc3 Kf8 24. a4 Ke8 25. f3 f6 26. Rxd6 Rxd6 27.
b4 Bd7 28. Ra1 Re6 29. Kd2 Rd6+ 30. Ke1 Re6 31. Bf2 Rc6 32. c5 Rc8 33. Kd2 Rd8
34. Kc3 f5 35. Bd4 Bc6 36. f4 Kf7 37. e3 Ke6 38. h3 h5 39. Kb3 Kd5 40. Rg1 Bd7
41. Ka3 Ke4 42. Rb1 Ra8 1/2-1/2

[Event "87th ch-Paris IdF open FIDE"]
[Site "Paris"]
[Date "2012.07.10"]
[Round "4.8"]
[White "Demuth, Adrien"]
[Black "Payen, Arnaud"]
[Result "1/2-1/2"]
[WhiteElo "2460"]
[BlackElo "2351"]
[PlyCount "51"]
[EventDate "2012.07.07"]

1. d4 e6 2. c4 Bb4+ 3. Bd2 a5 4. Nc3 d5 5. e3 Nf6 6. Nf3 O-O 7. Bd3 b6 8. Ne5
Bb7 9. Qf3 Nbd7 10. Qh3 dxc4 11. Nxc4 Nc5 12. Bc2 Nce4 13. Nxe4 Bxe4 14. Bxb4
axb4 15. Bb3 c5 16. dxc5 bxc5 17. O-O Bd5 18. Rac1 Nd7 19. Qg3 Nb6 20. Rfd1
Nxc4 21. Bxc4 Qf6 22. Bxd5 exd5 23. b3 Rxa2 24. Rxc5 Rd2 25. Rb1 h5 26. Qf3
1/2-1/2

[Event "87th ch-Paris IdF open FIDE"]
[Site "Paris"]
[Date "2012.07.10"]
[Round "4.9"]
[White "Laurent, Julien G"]
[Black "Dourerassou, Jonathan"]
[Result "1/2-1/2"]
[WhiteElo "2301"]
[BlackElo "2460"]
[PlyCount "88"]
[EventDate "2012.07.07"]

1. Nf3 Nf6 2. c4 g6 3. b4 Bg7 4. Bb2 a5 5. a3 d5 6. cxd5 O-O 7. g3 axb4 8. axb4
Rxa1 9. Bxa1 Qxd5 10. Bg2 Qc4 11. Bc3 Nc6 12. Na3 Qa2 13. b5 Qxa3 14. bxc6 b5
15. O-O Qc5 16. Qb3 Qh5 17. Qa3 Bh3 18. Be5 Bxg2 19. Kxg2 Qg4 20. Qxe7 Nd5 21.
Qd7 Qc4 22. d3 Qc5 23. Bxg7 Kxg7 24. e4 Nb4 25. Qxc7 Nxd3 26. Qd7 Qc2 27. c7
Kg8 28. Nd4 Qc4 29. Rd1 Ne5 30. Qd8 b4 31. Nf3 Qxe4 32. Qxf8+ Kxf8 33. c8=Q+
Kg7 34. Qd8 Qxf3+ 35. Kg1 Qh5 36. Qd4 f6 37. Qa7+ Kh6 38. Qe3+ g5 39. Rd6 Ng4
40. Qf3 Qxh2+ 41. Kf1 Qh5 42. Kg1 Qh2+ 43. Kf1 Qh5 44. Kg1 Qh2+ 1/2-1/2

[Event "87th ch-Paris IdF open FIDE"]
[Site "Paris"]
[Date "2012.07.10"]
[Round "4.10"]
[White "Wirig, Anthony"]
[Black "Larsen, Karsten"]
[Result "1/2-1/2"]
[WhiteElo "2452"]
[BlackElo "2331"]
[PlyCount "68"]
[EventDate "2012.07.07"]

1. Nf3 Nf6 2. g3 g6 3. Bg2 Bg7 4. c4 O-O 5. O-O d6 6. d4 Nc6 7. Nc3 a6 8. h3
Rb8 9. e4 Nd7 10. Bg5 h6 11. Be3 Na5 12. b3 c5 13. Qd2 Kh7 14. Rac1 b6 15. Rfd1
Bb7 16. Re1 Nc6 17. d5 Na5 18. Bf1 Qc7 19. Bf4 Bc8 20. h4 h5 21. Bd3 Ne5 22.
Nxe5 Bxe5 23. Bxe5 dxe5 24. f4 Bd7 25. Qe3 f6 26. Nb1 Rg8 27. Nd2 Nb7 28. Kh2
Rbf8 29. fxe5 Qxe5 30. Nf3 Qc7 31. e5 Bg4 32. exf6 exf6 33. Qe7+ Qxe7 34. Rxe7+
Rg7 1/2-1/2

[Event "87th ch-Paris IdF open FIDE"]
[Site "Paris"]
[Date "2012.07.10"]
[Round "4.11"]
[White "Shirazi, Kamran"]
[Black "Loiseau, Quentin"]
[Result "0-1"]
[WhiteElo "2417"]
[BlackElo "2314"]
[PlyCount "120"]
[EventDate "2012.07.07"]

1. e4 e5 2. Nc3 Nf6 3. Nf3 Nc6 4. a3 Bc5 5. Nxe5 O-O 6. Be2 Nxe5 7. d4 Bd6 8.
f4 Nc6 9. e5 Be7 10. d5 Nxd5 11. Nxd5 d6 12. Nxe7+ Nxe7 13. exd6 Nf5 14. O-O
Nxd6 15. Be3 Qe7 16. Bc5 Rd8 17. f5 Qg5 18. Bd3 Bxf5 19. Bxd6 Bxd3 20. Qxd3
Rxd6 21. Qc4 Qe7 22. Rf3 c6 23. Raf1 Rf8 24. h3 Rd5 25. b4 a5 26. Kh1 axb4 27.
axb4 Kh8 28. Qf4 h6 29. c3 Re5 30. Qg3 f6 31. Rd1 Re8 32. Kh2 Rg5 33. Qf2 Qe2
34. Rd7 Qe5+ 35. Kg1 b5 36. Rdd3 Ra8 37. Rd1 Qe7 38. Re3 Re5 39. Rxe5 Qxe5 40.
Qf3 Qe6 41. Qg3 Re8 42. Rd6 Qe4 43. Kh2 Re7 44. Rd4 Qb1 45. Qf3 Re1 46. Qxc6
Rh1+ 47. Kg3 Qe1+ 48. Kg4 Rf1 49. Rf4 Qe2+ 50. Kg3 Qe3+ 51. Qf3 Rxf3+ 52. Rxf3
Qe5+ 53. Kf2 Kh7 54. Re3 Qd5 55. Rf3 g5 56. g4 Kg6 57. Ke2 h5 58. Kf2 Qd2+ 59.
Kg1 hxg4 60. hxg4 Qe2 0-1

[Event "87th ch-Paris IdF open FIDE"]
[Site "Paris"]
[Date "2012.07.10"]
[Round "4.12"]
[White "Kirk, Ezra"]
[Black "Song, Julien"]
[Result "1-0"]
[WhiteElo "2216"]
[BlackElo "2398"]
[PlyCount "73"]
[EventDate "2012.07.07"]

1. d4 Nf6 2. c4 e6 3. Nc3 Bb4 4. e3 O-O 5. Bd3 Re8 6. Nf3 d6 7. O-O Bxc3 8.
bxc3 Nc6 9. Qc2 e5 10. Nd2 b6 11. Ne4 h6 12. f4 exd4 13. exd4 Nxe4 14. Bxe4 Bb7
15. Bd2 Qf6 16. Kh1 Kf8 17. Bd3 Na5 18. f5 Re7 19. Rf4 Rae8 20. Raf1 Ba6 21. c5
Bxd3 22. Qxd3 d5 23. cxb6 axb6 24. c4 Nxc4 25. Bb4 Nd6 26. Qb3 Kg8 27. Qxd5 Re2
28. Qc6 Qg5 29. Bxd6 cxd6 30. h3 Qf6 31. a4 Rb8 32. Qc7 Qd8 33. Qc4 Qe8 34. f6
g6 35. Rg4 Kh7 36. Qc7 d5 37. Rxg6 1-0

[Event "87th ch-Paris IdF open FIDE"]
[Site "Paris"]
[Date "2012.07.10"]
[Round "4.13"]
[White "Manouck, Thierry"]
[Black "Chabanon, Jean-Luc"]
[Result "0-1"]
[WhiteElo "2300"]
[BlackElo "2481"]
[PlyCount "73"]
[EventDate "2012.07.07"]

1. c4 e5 2. g3 Nc6 3. Bg2 f5 4. Nc3 Nf6 5. e3 g6 6. Nge2 Bg7 7. d3 O-O 8. O-O
d6 9. Bd2 Be6 10. Nd5 Rb8 11. b4 Ne7 12. e4 c6 13. Nxf6+ Bxf6 14. Rc1 d5 15.
cxd5 cxd5 16. exf5 Nxf5 17. Qa4 a6 18. Rc2 d4 19. Rfc1 Nd6 20. Qa5 Qxa5 21.
bxa5 Bf5 22. Bb4 Rfd8 23. Bd5+ Kh8 24. Bxd6 Rxd6 25. Be4 Bxe4 26. Rc8+ Rxc8 27.
Rxc8+ Kg7 28. Rc7+ Kh6 29. dxe4 Bd8 30. Rc5 d3 31. Nc3 d2 32. Nd1 Rd4 33. f3
Ra4 34. Rxe5 Rxa2 35. Kf1 Bxa5 36. h4 Bc7 37. Ke2 0-1

[Event "87th ch-Paris IdF open FIDE"]
[Site "Paris"]
[Date "2012.07.10"]
[Round "4.14"]
[White "Shchekachev, Andrei"]
[Black "Lamorelle, Julien"]
[Result "1-0"]
[WhiteElo "2528"]
[BlackElo "2277"]
[PlyCount "91"]
[EventDate "2012.07.07"]

1. Nf3 d5 2. d4 Nf6 3. c4 c6 4. Nc3 e6 5. Bg5 h6 6. Bxf6 Qxf6 7. e3 g6 8. Rc1
Nd7 9. Be2 Bg7 10. O-O O-O 11. cxd5 exd5 12. b4 Nb6 13. b5 Qd6 14. bxc6 bxc6
15. Na4 Re8 16. Nc5 Rb8 17. Re1 Nd7 18. Nd3 Ba6 19. Nf4 Bb7 20. Qa4 a6 21. Nd3
Rec8 22. Qa5 Bf8 23. Nfe5 Nxe5 24. Nxe5 c5 25. Rxc5 Rxc5 26. Qxc5 Qxe5 27.
Qxf8+ Kxf8 28. dxe5 Rc8 29. Rb1 Rc2 30. Bd3 Rc3 31. Be2 Bc8 32. h3 Ke7 33. Bd1
Ke6 34. f4 h5 35. Kf2 Ra3 36. Bb3 Ke7 37. Bxd5 Be6 38. Rb7+ Kd8 39. Bb3 a5 40.
Ra7 Kc8 41. g4 hxg4 42. hxg4 Bxg4 43. Rxf7 Bd7 44. e4 a4 45. Bd5 Rd3 46. e6 1-0

[Event "87th ch-Paris IdF open FIDE"]
[Site "Paris"]
[Date "2012.07.10"]
[Round "4.15"]
[White "Sochacki, Christophe"]
[Black "Lorscheid, Gerhard"]
[Result "1-0"]
[WhiteElo "2406"]
[BlackElo "2259"]
[PlyCount "45"]
[EventDate "2012.07.07"]

1. d4 d5 2. Nc3 Nf6 3. Bg5 Bf5 4. e3 Nbd7 5. Bd3 Bxd3 6. Qxd3 c6 7. Nge2 e6 8.
O-O Qc7 9. f3 e5 10. e4 dxe4 11. fxe4 exd4 12. Nxd4 Bc5 13. Rad1 Ne5 14. Qg3
Rd8 15. Be3 Nfg4 16. Na4 Nxe3 17. Nxc5 Nxd1 18. Qxg7 Rxd4 19. Qxh8+ Ke7 20.
Qf6+ Ke8 21. Rf5 Ng4 22. Qh8+ Ke7 23. Rxf7+ 1-0